|
|
|
|
| LEADER |
00000nam a22000007a 4500 |
| 003 |
cru CIDCACS/IIS |
| 005 |
20200416090322.0 |
| 008 |
200416s1964 wau|||p|r||||||0| ||spa|d |
| 999 |
|
|
|c 43070
|d 43070
|
| 040 |
|
|
|c cru CIDCACS/IIS
|
| 090 |
|
|
|a REV0474
|
| 110 |
1 |
|
|9 7969
|a Banco Mundial
|b Fondo Monetario Internacional
|
| 245 |
1 |
|
|a Finanzas y Desarrollo/
|c Banco Mundial.Fondo Monetario Internacional
|
| 260 |
|
|
|a Washignton D.C:
|b FMI,
|c 1964-
|
| 270 |
|
|
|a Box F.D 302-700 19 th and Streets, NW Washington D.C 20431
|m publications@imf.org
|
| 500 |
|
|
|a EXISTENCIAS : 1971 (3) 1976 13 (1-2, 4) 1977 14 (2-4) 1978-1979 15-16 (1-4) 1980 17 (1-4) 1981 18 (1-4) 1982 19 (1, 4) 1983-1989 20-26 (1-4) 1990 27 (1-3) 1991 28 (1, 4) 1992 29 (1-4) 1993 30 (1-4) 1994 31 (2-4) 1995 32 (1-2, 4) 1996 33 (1-3) 2002 39 (1-4) 2003 40 (1-4) 2004 4 (1-4) 2005 42 (1-4) 2006 43(1-4) 2007 44(4) 2008 45(1) Trimestral
|
| 650 |
|
0 |
|9 1642
|a PAISES EN DESARROLLO
|
| 650 |
|
0 |
|9 639
|a CRECIMIENTO ECONOMICO
|
| 650 |
|
4 |
|9 1843
|a IMPORTACIONES
|
| 650 |
|
4 |
|9 1993
|a LEGISLACION
|
| 650 |
|
4 |
|9 2661
|a FMI
|
| 650 |
|
4 |
|9 2662
|a BANCO MUNDIAL
|
| 942 |
|
|
|2 ddc
|c PP
|